00896 2200229 4500001002100000005001500021035002000036007000300056008004100059020002200100082001000122084001600132100002600148245001900174250001100193260004400204300004200248650001000290650001800300520033100318990001700649INLIS00000000000224420260415123243 a0010-0426000001ta260415 g f ind  a978-602-02-4858-5 a82-31 a82-31 THA u0 aThalia Faurine, Jenny1 aUnplanned Love aCet. 1 aJakarta :bElex Media Komputindo,c2014 ax, 298 hlm :bilus. ;c12,5 x 19,5 cm 4aNOVEL 4aFIKSI ROMANSA aBuku ini bercerita tentang semua manusia yang punya cinta di hatinya, yang punya dendam sebagai tameg hidupnya, dan yang tak percaya bahwa cinta adalah salah satu bagian dari hidup manusia. Terkadang, mencintai adalah salah satu hal yang paling megerikan, itu hanya karena kau tak pernah siap dengan rasa sakit dan kehilangan. a4050/BBPP/26